000 00996nam a2200253Ii 4500
003 JO-AjNU
005 20240713120531.0
008 230605s9999||||xx |||||||||||||| ||und||
017 _a2009/2/599
020 _a9957-07-635-1
040 _aJO-AjNU
_bara
_erda
_cJO-AjNU
041 _aara
050 1 4 _aLC3969.48.R39 2010
100 3 _aالريحاني،سليمان طعمة مؤلف/الزريقات،إبراهيم عبدالله م.مشارك/طنوس،عادل جورج م.مشارك,
_eauthor
_922932
245 0 0 _aإرشاد ذوي الحاجات الخاصة وأسرهم
250 _aط1
264 3 1 _aعمان:دار الفكر،2010
300 _a356ص
336 _atext
_btxt
_2rdacontent
337 _aunmediated
_bn
_2rdamedia
338 _avolume
_bnc
_2rdacarrier
650 4 _aالتعليم الخاص-الأطفال المعوقون-رعاية. الخدمة الاجتماعية للمعوقين-الأطفال المعوقون-تعليم
_922933
942 _2lcc
_cBK
999 _c11786
_d11786